Análisis de las condiciones de almacenamiento y su efecto en el contenido de humedad y la calidad del café pergamino seco en silos experimentales

Spremljeno u:
Bibliografski detalji
Glavni autor: Berrocal García, Karla Isela
Format: Knjiga
Izdano: [San José, Costa Rica] 2005
Teme:
Oznake: Dodaj oznaku
Bez oznaka, Budi prvi tko označuje ovaj zapis!

MARC

LEADER 00000nam a2200000Ia 4500
003 009472
005 20221231144132.0
008 140114s2005 cr a m 000 ||s d
040 |c cru CEDI 
090 |a TFG 5011 
100 |a Berrocal García, Karla Isela  |9 6134 
245 |a Análisis de las condiciones de almacenamiento y su efecto en el contenido de humedad y la calidad del café pergamino seco en silos experimentales  
260 |c 2005  |a [San José, Costa Rica] 
300 |a x, 55, [57] hojas : ilustraciones a color  
500 |a Tesis (licenciatura en ingeniería agrícola)--Universidad de Costa Rca, Facultad de Ingeniería, Esuela de Ingeniería Agrícola 
650 |x CAFE   |x ALMACENAMIENTO   |x  HUMEDAD  |9 6135 
942 |c TFG 
999 |c 17412  |d 17412